000
00214 a2200109 4500
020
_a
9780658002601
041
_a
spa
100
_a
Alma Flor Ada
245
_a
El reyno de la geometria
942
_c
BK
952
_7
4
999
_c
20079
_d
20079